Biology : (Record no. 5651)

MARC details
000 -LEADER
fixed length control field 00746nam a22002057a 4500
001 - CONTROL NUMBER
control field 5651
003 - CONTROL NUMBER IDENTIFIER
control field FISKH
005 - DATE AND TIME OF LATEST TRANSACTION
control field 20250109114426.0
008 - FIXED-LENGTH DATA ELEMENTS--GENERAL INFORMATION
fixed length control field 250109b cb ||||| |||| 00| 0 eng d
020 ## - INTERNATIONAL STANDARD BOOK NUMBER
International Standard Book Number 9780077041328
040 ## - CATALOGING SOURCE
Original cataloging agency FISKH
Language of cataloging eng
Transcribing agency FISKH
Modifying agency FISKH
100 ## - MAIN ENTRY--PERSONAL NAME
Personal name Mola, Gustave Loret de
245 ## - TITLE STATEMENT
Title Biology :
Remainder of title Exploring the science of life /
Statement of responsibility, etc. by Gustave Loret de Mola
260 ## - PUBLICATION, DISTRIBUTION, ETC.
Place of publication, distribution, etc. Chicago :
Name of publisher, distributor, etc. McGraw-Hill Education ;
Date of publication, distribution, etc. 2009.
300 ## - PHYSICAL DESCRIPTION
Extent 172 pages :
Other physical details illustrations ;
Dimensions 28 cm.
520 ## - SUMMARY, ETC.
Summary, etc. Make science accessible to more students through visual, audio, and print functionality with the Biology: Exploring the Science of Life Student CD-ROM!
700 ## - ADDED ENTRY--PERSONAL NAME
Personal name Rosin, Mitch
Relator term editorial director
942 ## - ADDED ENTRY ELEMENTS (KOHA)
Source of classification or shelving scheme Dewey Decimal Classification
Koha item type Books
Suppress in OPAC No
Holdings
Withdrawn status Lost status Source of classification or shelving scheme Damaged status Not for loan Collection Home library Current library Shelving location Date acquired Total Checkouts Full call number Barcode Date last seen Price effective from Koha item type
    Dewey Decimal Classification     Non-Fiction Footprints International School Library Network Toul Kork Campus Footprints International School Library Network Toul Kork Campus TTP Secondary Non-Fiction Bookshelves 01/09/2025   MOL 2025-0009 01/09/2025 01/09/2025 Books